New Zealand Test Cricket - Batting average over 40 - Statistics

General Stats
  • This quiz has been taken 213 times
    195 since last reset
  • The average score is 9 of 14
Answer Stats
Years Active Average Player % Correct
2010-Present 52.21 Kane Williamson
99%
2007-Present 46.37 Ross Taylor
97%
1982-1995 45.36 Martin Crowe
89%
2014-Present 43.57 Tom Latham
89%
1994-2008 40.06 Stephen Fleming
85%
2009-Present 40.51 BJ Watling
75%
2016-Present 44.16 Henry Nicholls
75%
1969-1983 44.64 Glenn Turner
59%
2000-2004 44.77 Mark Richardson
59%
1979-1986 46.28 John Reid
51%
1987-1995 44.27 Andrew Jones
47%
1947-1965 40.10 Bert Sutcliffe
45%
2008-2011 40.93 Jesse Ryder
40%
2016-Present 40.33 Colin De Grandhomme
32%
No matching quizzes found
Score Distribution
Percent of People with Each Score
Percentile by Number Answered
Your Score History
You have not taken this quiz since the last reset